| 000 | 00684nam a22001937a 4500 | ||
|---|---|---|---|
| 003 | NUST - PNEC | ||
| 005 | 20170116181204.0 | ||
| 008 | 160223b xxu||||| |||| 00| 0 eng d | ||
| 020 | _a9789350145388 | ||
| 040 | _cLIBRARY | ||
| 082 | _a621.317 NIS | ||
| 100 |
_916589 _aNisha, K. |
||
| 245 |
_aA Textbook of Power system Operation and Control _cK. Nisha |
||
| 260 |
_aNew Delhi _bS.K. Kataria & Sons _cc.2014 |
||
| 300 | _a312 p. : | ||
| 650 |
_916590 _aElectric power systems--Control _xEL / MIS |
||
| 856 | _uhttp://www.amazon.com/Textbook-Power-System-Operation-Control/dp/9350145383/ref=sr_1_1?s=books&ie=UTF8&qid=1456201554&sr=1-1&keywords=9789350145388 | ||
| 942 |
_2ddc _cBK |
||
| 999 |
_c71571 _d71571 |
||